| 000 | 00352 a2200145 4500 | ||
|---|---|---|---|
| 001 | 55702 | ||
| 082 | _a519.5 GRO | ||
| 090 |
_c34588 _d34588 |
||
| 100 | _agroebner d E | ||
| 245 | _aBusiness statistics ; a decision-making approach (5th Edition) + CD | ||
| 250 | _a5 | ||
| 260 |
_aNJ _bPrentic-Hall _c2000 |
||
| 300 | _ewith CD | ||
| 500 | _aCD/DVD | ||
| 942 |
_aNUST-CAE _k519.5 GRO |
||
| 999 |
_c290775 _d290775 |
||